Statistiques concernant Single de Diamant - Ninho

Cliquez ici pour prendre le quiz!

Statistiques générales

  • Ce quiz a été pris 92 fois
  • Le résultat moyen est 26 sur 47

Statistiques - réponses

Date de certificationTitre% Correct
Mars 2019 - (ft. Rim'K)Air Max
84%
Mai 2023 - (ft. Gaulois)Jolie
84%
Septembre 2019 - (ft. NiskaMaman ne le sait pas
82%
Juillet 2020 - (ft. Naps)6.3
80%
Decembre 2022 - (ft. Niska)N.I
80%
Octobre 2019 - (Vegedream)Elle est bonne sa mère
79%
Novembre 2020 - (ft. Zola)Papers
79%
Septembre 2020 - (ft. Dadju)Grand Bain
77%
Février 2022Jefe
75%
Mai 2023 - (ft. Damso)Promo
75%
Novembre 2019La vie qu'on mene
73%
Aout 2020 - (ft. KPoint)Ma 6T à craqué
73%
Mai 2020 - (ft. Maes)Distant
71%
Mai 2023 - (ft. Jul)Jusqu'à minuit
70%
Juillet 2023 - (ft. Serge Ibaka)Champion
68%
Aout 2019Goutte d'eau
68%
Octobre 2017Mamacita
68%
Janvier 2018 - (ft. Nekfeu)De l'autre cote
66%
Juin 2020Lettre à une femme
66%
Mars 2022VVS
64%
Decembre 2021 - (ft. Dadju)Jamais
63%
Aout 2021 - (ft. Leto)Tes parents
63%
Juin 2022 - (ft. Hornet la Frappe)Gasolina
61%
Mars 2023 - (ft. Hornet la Frappe)Sheitana
61%
Septembre 2022 - (ft. Orelsan)Millions
59%
Octobre 2021 - (ft. Faouzia)Money
57%
Mars 2018 - (ft. Sadek)Madre Mia
52%
Octobre 2022 - (ft. Gazo)Mauvais 2X
52%
Decembre 2022 - (ft. Fally Ipupa)A Kinshasa
50%
Janvier 2020Putana
50%
Mai 2023 - (ft. DA Uzi)Crois moi
48%
Mai 2020Dis moi que tu m'aimes
48%
Juillet 2022 - (ft. SCH)Mayday
48%
Octobre 2019Rose
46%
Mars 2021Fendi
41%
Juin 2021Tout en Gucci
41%
Mars 2021Zipette
41%
Mai 2022 - (ft. Hiro)A Découvert
38%
Mai 2020Un Poco
36%
Septembre 2022Filon
34%
Aout 2022 - (ft. Jul)Tel Me
34%
Mars 2021M.I.L.S 2.0
32%
Janvier 2023Sans Peine
25%
Septembre 2022Vérité
25%
Mars 2021Elle m'a eu
23%
Decembre 2022Jeune Lossa
23%
Decembre 2021Mon Poto
13%

Distribution des résultats

Percentile par nombre de réponses

% des personnes avec chaque résultat

Votre développement - résultats

Vous n’avez pas pris ce quiz